000 00362cam a2200169ua 4500
001 483
008 191126n II |||gr||||Z||||||eng
040 _aMAIN
041 _aEnglish
041 _aeng
082 _a370 ADA
100 _aADAMS, JOHN.
245 _aMODERN DEVELOPMENT IN EDUCATIONAL PRACTICE
300 _c20CM.
653 _aEducation
942 _cBK
999 _c483
_d483